Presentation of Sri Lanka latex crepe rubber to suit end use requirements (Record no. 65645)

MARC details
000 -LEADER
fixed length control field 00454nam a2200145Ia 4500
100 ## - MAIN ENTRY--AUTHOR NAME
Personal name Tharmalingam R
245 #0 - TITLE STATEMENT
Title Presentation of Sri Lanka latex crepe rubber to suit end use requirements
260 ## - PUBLICATION, DISTRIBUTION, ETC. (IMPRINT)
Name of publisher Proceedings of the International Rubber Conference, Venice, 1979; p947-956
650 ## - SUBJECT ADDED ENTRY--TOPICAL TERM
Topical Term Crepe rubber
650 ## - SUBJECT ADDED ENTRY--TOPICAL TERM
Topical Term Latex crepe
650 ## - SUBJECT ADDED ENTRY--TOPICAL TERM
Topical Term Sri Lanka
700 ## - ADDED ENTRY--PERSONAL NAME
Personal name Karunaratne S W
942 ## - ADDED ENTRY ELEMENTS (KOHA)
Koha item type Journals
Holdings
Withdrawn status Lost status Damaged status Not for loan Home library Current library Shelving location Date acquired Koha item type
      Journals RRII Library RRII Library Rubber chemistry 17/12/2021 Journals